Click the Cartoon Teacher Quiz Stats

 Plays Quiz Updated Sep 19, 2017

Challenge
Share
Tweet
Score 0/15 Timer 05:00
6 Plays Today
% Correct
Mrs. Krabappel
82%
Mr. Garrison
77.9%
Mr. Hornbill
77.3%
Mrs. Puff
76.7%
Ms. Frizzle
76.3%
Mr. Ratburn
73.6%
Mr. Crocker
67%
Ms. Fowl
62.2%
% Correct
Ms. Finster
61%
Mr. Lancer
59.3%
Ms. Keane
57.7%
Mr. Simmons
55.3%
Mr. DeMartino
51.1%
Mrs. Wingo
50.2%
Ms. Bitters
41.4%

You're not logged in!

Compare scores with friends on all Sporcle quizzes.
Join for Free
OR
Log In

You Might Also Like...

Show Comments

Extras

Top Quizzes Today


Score Distribution

Your Account Isn't Verified!

In order to create a playlist on Sporcle, you need to verify the email address you used during registration. Go to your Sporcle Settings to finish the process.

Report this User

Report this user for behavior that violates our Community Guidelines.

Details: